[Event "18th ch-EUR Indiv 2017"]
[Site "Minsk BLR"]
[Date "2017.06.10"]
[Round "11.92"]
[White "Donchenko,Alexa"]
[Black "Kanmazalp,O"]
[Result "1-0"]
[WhiteElo "2563"]
[BlackElo "2447"]

1.d4 d5 2.Bf4 c5 3.e3 Nc6 4.c3 Nf6 5.Nd2 Bf5 6.Ngf3 e6 7.Qb3 Qc8 8.c4 cxd4
9.Nxd4 Nxd4 10.exd4 dxc4 11.Nxc4 Be4 12.Rc1 Qd8 13.Ne5 a6 14.Bc4 Bd5 15.O-O
Be7 16.Bg5 O-O 17.Bxf6 Bxf6 18.Bxd5 Qxd5 19.Qxd5 exd5 20.Rc7 Bxe5 21.dxe5 b5
22.f4 Rfd8 23.Kf2 d4 24.Rd1 Rd5 25.Rd3 a5 26.Kf3 g6 27.Ke4 Rad8 28.g4 a4 29.a3
h6 30.h4 Kf8 31.h5 {#r} 1-0

[Event "10th Mayors Cup Open 2017"]
[Site "Mumbai IND"]
[Date "2017.06.06"]
[Round "4.14"]
[White "Wagh,Suyog"]
[Black "Sangma,R"]
[Result "0-1"]
[WhiteElo "2138"]
[BlackElo "2337"]

1.d4 d5 2.Bf4 Nf6 3.e3 c5 4.c3 Nc6 5.Nd2 Qb6 6.Qb3 Bf5 7.dxc5 Qxb3 8.axb3 e5
9.Bg3 Bxc5 10.b4 Bd6 11.Ngf3 Nd7 12.Be2 Ke7 13.O-O a6 14.Rfe1 f6 15.Bf1 g5
16.h3 Be6 17.e4 Nb6 18.exd5 Bxd5 19.Bd3 Kf7 20.Be4 Ne7 21.Bb1 h5 22.Ne4 Rhd8
23.Nfd2 h4 24.Bh2 Nc4 25.Nxc4 Bxc4 26.Ba2 Bxa2 27.Rxa2 Rac8 28.Kf1 Nd5 29.Rd1
Be7 30.Raa1 Rd7 31.Ke2 Rcd8 32.f3 Kg6 33.Nf2 Kf5 34.Ng4 Ke6 35.Rac1 Bf8 36.Ra1
Be7 37.Rac1 Rd6 38.Nf2 Bf8 39.Ra1 R6d7 40.Rac1 Rc8 41.Ra1 Be7 42.Rac1 Re8
43.Ra1 Rg8 44.Rac1 Rc8 45.Ra1 Bd8 46.Ne4 Bb6 47.c4 Rxc4 48.b5 Rc2+ 49.Rd2
Rxd2+ 50.Nxd2 axb5 51.Ra8 Bd4 52.Ne4 Rc7 53.Kd3 Nb4+ 54.Ke2 Rc2+ 55.Kf1 Nd5
56.f4 gxf4 57.b4 Ne3+ 58.Ke1 Nxg2+ 59.Kd1 Ne3+ 60.Ke1 Rxh2 61.Re8+ Kd5 62.Rd8+
Kc4 63.Rc8+ Kxb4 64.Nxf6 f3 65.Nd5+ Nxd5 {#R} 0-1

[Event "10th Mayors Cup Open 2017"]
[Site "Mumbai IND"]
[Date "2017.06.10"]
[Round "9.13"]
[White "Saurabh,K"]
[Black "Das,Say"]
[Result "1-0"]
[WhiteElo "2207"]
[BlackElo "2396"]

1.d4 d5 2.Bf4 Nf6 3.e3 c5 4.Nc3 cxd4 5.exd4 a6 6.Nf3 Nc6 7.Ne5 e6 8.Be2 Be7
9.O-O O-O 10.Nxc6 bxc6 11.Na4 Nd7 12.c4 Nb6 13.c5 Nd7 14.Re1 Re8 15.Rc1 Bf8
16.Bg3 g6 17.Qb3 Ra7 18.Nb6 Bg7 19.Nxd7 Bxd7 20.Qc3 a5 21.Bd3 Rb7 22.Be5 Bxe5
23.Rxe5 Qb8 24.b3 Rb4 25.Bc2 f6 26.Ree1 e5 27.dxe5 fxe5 28.a3 Rb5 29.Rcd1 d4
30.Qg3 Kg7 31.Rc1 Bc8 32.h4 Kh8 33.h5 gxh5 34.Qg5 Qc7 35.Qxh5 Re7 36.Bxh7 Rxh7
37.Qe8+ Kg7 38.Rxe5 Kf6 39.Rce1 Qd7 40.Qf8+ Kg6 41.f4 Qg4 42.Rg5+ Qxg5 43.fxg5
Rf7 44.Qxc8 Rxc5 45.Qe6+ Kg7 46.Qh6+ {#r} 1-0

[Event "9th Lublin GM 2017"]
[Site "Lublin POL"]
[Date "2017.06.08"]
[Round "6.2"]
[White "Sergeev,Vl"]
[Black "Dziuba,M"]
[Result "0-1"]
[WhiteElo "2446"]
[BlackElo "2550"]

1.d4 d5 2.Bf4 Nf6 3.e3 Bf5 4.c4 e6 5.Nc3 Bb4 6.Qb3 Nc6 7.Nf3 a5 8.a4 O-O 9.Be2
Bd6 10.Bxd6 Qxd6 11.Nh4 Be4 12.f3 Bg6 13.Nxg6 hxg6 14.c5 Qe7 15.Kf2 e5 16.Nb5
Nb4 17.Qc3 exd4 18.exd4 c6 19.Na3 Nh7 20.Rhe1 Ng5 21.Bf1 Qf6 22.Kg1 Rfe8
23.Rad1 Kf8 24.Nb1 Rxe1 25.Rxe1 Ne6 26.Rd1 Re8 27.Qd2 g5 28.Nc3 g6 29.Ne2 b6
30.cxb6 Qd8 31.b7 Qb6 32.Kh1 Qxb7 33.g3 Qe7 34.Nc1 Qf6 35.Qf2 g4 36.Kg2 gxf3+
37.Qxf3 Qxf3+ 38.Kxf3 Nc2 39.Nb3 Rb8 40.Nxa5 Nexd4+ 41.Kf2 Rxb2 42.Rd2 c5
43.Bd3 Nb4 44.Ke3 Nxd3 45.Kxd3 Rb4 46.Ra2 Ke7 47.Kc3 Kd7 48.g4 Kc7 49.Rf2 Kb6
50.Rxf7 Kxa5 51.Rd7 Rb3+ 52.Kd2 Rb2+ 53.Kc3 Rb3+ 54.Kd2 Rh3 55.Rxd5 Kb4 56.a5
Nb3+ 57.Kd1 Nxa5 58.Rg5 Rxh2 59.Rxg6 c4 {#R} 0-1

[Event "12th Teplice Open 2017"]
[Site "Teplice CZE"]
[Date "2017.06.12"]
[Round "3.1"]
[White "Rosen,E"]
[Black "Nabaty,T"]
[Result "0-1"]
[WhiteElo "2372"]
[BlackElo "2644"]

1.d4 d5 2.Bf4 c5 3.e3 Nc6 4.Nf3 Bg4 5.Nbd2 e6 6.c3 a6 7.Bd3 Nf6 8.O-O Be7
9.Qb1 Nh5 10.Ne5 Nxf4 11.exf4 Nxe5 12.dxe5 g6 13.Re1 Bf5 14.Nf1 b5 15.Ne3 Qb6
16.a4 Bxd3 17.Qxd3 c4 18.Qd2 b4 19.Nc2 Rb8 20.h3 bxc3 21.bxc3 Qb2 22.Rab1 Qxb1
23.Rxb1 Rxb1+ 24.Kh2 Bc5 25.Ne3 h5 26.Nxd5 exd5 27.Qxd5 Be7 28.e6 Re1 29.exf7+
Kf8 30.Qxc4 Kg7 31.Qxa6 Rd8 32.Qb5 Rdd1 33.Kg3 Kxf7 34.a5 Ra1 35.f5 g5 36.Qb6
Bf6 37.Qb3+ Kg7 38.a6 Re7 39.Qb6 Ra3 40.Kh2 h4 41.g3 hxg3+ 42.Kxg3 Rxc3+
43.Kg2 Ra3 44.Qd6 Ra2 45.Qb6 Rd7 46.Kg3 Ra4 47.Kg2 Ra2 48.Kg3 Rad2 49.Qb8
R2d3+ 50.Kg2 Ra3 51.Qb6 Ra1 52.Kg3 Re1 53.Qc6 Red1 54.Qa4 R1d4 55.Qa5 R4d5
56.Qa4 Ra7 57.Qb4 Rxf5 58.Qb6 Be5+ 59.f4 Rxf4 60.Qc5 Bb8 61.Qxg5+ Kh8 62.Qh5+
Rh7 63.a7 Bd6 64.a8=Q+ Rf8+ 65.Kg4 Rxa8 66.Qd5 Ra4+ 67.Kf3 Rxh3+ 68.Kg2 Rh2+
69.Kf3 Ra3+ 70.Kg4 Rg3+ 71.Kf5 Rh5+ {#R} 0-1

[Event "CHN Team Women 2017"]
[Site "Beijing CHN"]
[Date "2017.06.07"]
[Round "2.1"]
[White "Wang Yu A"]
[Black "Zhao,Shengxin"]
[Result "1-0"]
[WhiteElo "2354"]
[BlackElo "2112"]
[EventType "team"]

1.d4 d5 2.Bf4 c5 3.e3 Nc6 4.c3 Qb6 5.Qb3 c4 6.Qxb6 axb6 7.Nd2 b5 8.a3 Nf6
9.Rc1 Bf5 10.f3 e6 11.g4 Bg6 12.h4 h5 13.g5 Nd7 14.e4 dxe4 15.fxe4 e5 16.Be3
Bd6 17.Bh3 Rd8 18.Ngf3 O-O 19.O-O Kh7 20.d5 Ne7 21.a4 Nc5 22.Nxe5 Nxa4 23.Nxg6
Nxg6 24.b3 cxb3 25.Nxb3 Nxh4 26.Bd4 Be7 27.Na5 Bxg5 28.Rb1 f5 29.Nxb7 Rb8
30.Nd6 fxe4 31.Nxe4 Bh6 32.Rxf8 Rxf8 33.Rxb5 Rf4 34.d6 Nf3+ 35.Kh1 Rf8 36.Rf5
{#r} 1-0

[Event "CHN Team Women 2017"]
[Site "Beijing CHN"]
[Date "2017.06.08"]
[Round "3.2"]
[White "Liu,Hongyan"]
[Black "Zhao,Shengxin"]
[Result "0-1"]
[WhiteElo "2029"]
[BlackElo "2112"]
[EventType "team"]

1.d4 d5 2.Bf4 c5 3.e3 Nc6 4.c3 Bf5 5.Bd3 Bxd3 6.Qxd3 e6 7.Nd2 c4 8.Qe2 Bd6
9.Bg3 Nge7 10.Ngf3 b5 11.a3 a5 12.e4 Bxg3 13.hxg3 h6 14.exd5 exd5 15.Ne5 Nxe5
16.dxe5 O-O 17.Rd1 b4 18.Qh5 bxc3 19.bxc3 Qb6 20.g4 Qg6 21.Qh4 Nc6 22.f4 f5
23.gxf5 Rxf5 24.O-O Raf8 25.Rf3 Nxe5 26.fxe5 Rxf3 27.Nxf3 Rxf3 28.Qd8+ Kh7
29.Qxd5 Rxc3 30.Re1 Qf5 31.Rf1 Qg4 32.Re1 Rd3 33.Qxa5 Qd4+ 34.Kh2 Qh4+ 35.Kg1
c3 36.Rf1 Qd4+ 37.Kh1 Rd1 38.Qb5 c2 39.e6 Qf6 {#R} 0-1

[Event "18th ch-EUR Indiv 2017"]
[Site "Minsk BLR"]
[Date "2017.06.06"]
[Round "7.91"]
[White "Parligras,M"]
[Black "Mindlin,A"]
[Result "1-0"]
[WhiteElo "2607"]
[BlackElo "2436"]

1.d4 Nf6 2.Nf3 e6 3.Bf4 d5 4.e3 c5 5.Nbd2 Nc6 6.c3 Bd6 7.Bg3 O-O 8.Bd3 b6 9.e4
Be7 10.e5 Nh5 11.Ng5 Bxg5 12.Qxh5 g6 13.Qe2 f5 14.f4 Be7 15.Nf3 Bd7 16.Bf2 Rc8
17.O-O Kg7 18.Kh1 Qe8 19.Rg1 cxd4 20.Nxd4 Nxd4 21.Bxd4 Bc5 22.g4 Bxd4 23.cxd4
Qe7 24.gxf5 exf5 25.Rg5 Be6 26.Rag1 Kh8 27.h4 Qg7 28.h5 Qh6 29.Qh2 Bf7 30.R5g2
Rc6 31.Qg3 gxh5 32.Qh4 Bg6 33.Rg5 Qg7 34.Bxf5 Qf7 35.Bxg6 Rxg6 36.f5 Rh6 37.e6
Qf6 38.Qg3 {#r} 1-0

[Event "12th American Continental"]
[Site "Medellin COL"]
[Date "2017.06.11"]
[Round "2.17"]
[White "Rodriguez,Pe"]
[Black "Bacallao Alonso,Y"]
[Result "0-1"]
[WhiteElo "2228"]
[BlackElo "2554"]

1.d4 Nf6 2.Nf3 d5 3.Bf4 c5 4.e3 Nc6 5.c3 Qb6 6.Qc1 Bf5 7.Be2 e6 8.h3 Rc8 9.O-O
Be7 10.Nbd2 O-O 11.Ne5 cxd4 12.Nxc6 bxc6 13.exd4 c5 14.dxc5 Bxc5 15.Nb3 Be7
16.Qe3 Qb7 17.Bd3 d4 18.cxd4 Nd5 19.Be4 Rc2 20.Bxd5 Qxd5 21.Rfc1 Rxb2 22.Rc7
Bf6 23.Rxa7 h6 24.Ra5 Qe4 25.Qxe4 Bxe4 26.Rd1 Bd5 27.Rd2 Rb1+ 28.Kh2 Rc8
29.Rc5 Ra8 30.Rc1 Rxc1 31.Nxc1 Ra3 32.Bd6 Ra6 33.Bf4 g5 34.Be5 Be7 35.Rc2 f6
36.Bg3 Ra4 37.Rc8+ Kf7 38.Rc7 Ke8 39.Rc8+ Kd7 40.Rh8 Rxd4 41.Rxh6 Rd2 42.h4
gxh4 43.Bxh4 Bd6+ 44.Bg3 Rxf2 45.Bxd6 Kxd6 46.Rg6 Be4 47.Rg3 Rc2 48.Nb3 Rxa2
49.Nd4 Ke5 50.Nf3+ Kf4 51.Ng1 f5 52.Nh3+ Ke5 53.Kg1 Bd5 54.Nf2 Ra1+ 55.Kh2 Rf1
56.Nh3 Kd4 57.Rg8 e5 58.Rb8 f4 59.Rb2 e4 60.Rb8 {#R} 0-1

[Event "8th Dolomiti Open 2017"]
[Site "Forni di Sopra ITA"]
[Date "2017.06.12"]
[Round "3.4"]
[White "Korneev,O"]
[Black "Seresin,Francesco"]
[Result "1-0"]
[WhiteElo "2569"]
[BlackElo "2280"]

1.d4 Nf6 2.Nf3 d5 3.Bf4 c5 4.e3 Nc6 5.Nbd2 e6 6.c3 Nh5 7.Be5 cxd4 8.exd4 Bd6
9.Bb5 O-O 10.Bxd6 Qxd6 11.O-O f6 12.Re1 Bd7 13.a3 Nf4 14.c4 a6 15.Bxc6 Bxc6
16.c5 Qc7 17.g3 Nd3 18.Rxe6 Qf7 19.Rxc6 bxc6 20.Qc2 Ne5 21.dxe5 fxe5 22.Rf1
Qf6 23.Qc3 Rae8 24.Re1 d4 25.Qc4+ Kh8 26.Qd3 a5 27.Kg2 a4 28.Nc4 Rb8 29.Ncxe5
Rb3 30.Qe4 d3 31.Nd7 {#r} 1-0

[Event "39th Nezhmetdinov Mem"]
[Site "Kazan RUS"]
[Date "2017.06.08"]
[Round "9.6"]
[White "Golubov,Saveliy"]
[Black "Burmakin,V"]
[Result "1-0"]
[WhiteElo "2504"]
[BlackElo "2508"]

1.d4 Nf6 2.Bf4 e6 3.Nf3 c5 4.e3 Nc6 5.c3 d5 6.Nbd2 Bd6 7.Bg3 O-O 8.Bd3 b6
9.Qe2 Bb7 10.Rd1 Be7 11.Ne5 Nd7 12.O-O c4 13.Bc2 f5 14.Nxd7 Qxd7 15.b3 b5
16.bxc4 bxc4 17.Ba4 Bd6 18.Rb1 Rab8 19.Rb2 Ba8 20.Rfb1 Rxb2 21.Rxb2 Qc7 22.Nf3
Nd8 23.Bxd6 Qxd6 24.Ne5 Nf7 25.Nd7 Rd8 26.Nc5 e5 27.f4 e4 28.Bd7 g6 29.Be6 Kg7
30.g4 fxg4 31.Qxg4 Qe7 32.Bd7 h5 33.Qh3 Kh6 34.Kh1 Qf6 35.Rb1 Bc6 36.Bxc6 Qxc6
37.Rb7 Nd6 38.Re7 Re8 39.Qh4 Rxe7 40.Qg5+ Kg7 41.Qxe7+ Kg8 42.Ne6 {#r} 1-0

[Event "10th Mayors Cup Open 2017"]
[Site "Mumbai IND"]
[Date "2017.06.10"]
[Round "9.17"]
[White "Singh,DP"]
[Black "Raghunandan,K"]
[Result "0-1"]
[WhiteElo "2132"]
[BlackElo "2410"]

1.d4 d5 2.Nf3 Nf6 3.Nbd2 Bf5 4.c4 c6 5.Qb3 Qc7 6.g3 h6 7.Bg2 e6 8.O-O Nbd7
9.Re1 Be7 10.Qc3 a5 11.a3 a4 12.cxd5 exd5 13.Ne5 O-O 14.f3 c5 15.Nxd7 Qxd7
16.dxc5 d4 17.Qc4 Rfc8 18.b4 axb3 19.Nxb3 b5 20.c6 Rxc6 21.Qxb5 Rxc1 22.Qxd7
Rxe1+ 23.Rxe1 Bxd7 24.Nxd4 Bc5 25.Rd1 Rxa3 26.Kf1 Ba4 27.Rd2 Nd5 28.f4 Ne3+
29.Kf2 Nf5 {#R} 0-1

[Event "12th Teplice Open 2017"]
[Site "Teplice CZE"]
[Date "2017.06.10"]
[Round "1.12"]
[White "Hirneise,T"]
[Black "Czernek,Tymon"]
[Result "1-0"]
[WhiteElo "2466"]
[BlackElo "2012"]

1.d4 d5 2.Nf3 Nc6 3.c4 Bg4 4.Nc3 e6 5.cxd5 exd5 6.Bf4 Nf6 7.e3 Bb4 8.Be2 O-O
9.O-O Bxc3 10.bxc3 Ne4 11.Qc2 Re8 12.h3 Bh5 13.Qb2 Na5 14.Qb4 c6 15.Rfd1 Qb6
16.Rac1 Bxf3 17.gxf3 Nf6 18.Rb1 Qd8 19.Bg5 b6 20.Kh2 h6 21.Bf4 Re6 22.Rg1 Nh5
23.Be5 f6 24.Bg3 Nxg3 25.Rxg3 Qc7 26.Rg1 Kh8 27.Qb1 Re7 28.Qg6 Rf8 29.Bd3 f5
30.Bxf5 Rxf5 31.Qxf5 Rf7 32.Qh5 Nc4 33.Kh1 Rf6 34.Qe8+ Kh7 35.Rg6 Qf7 36.Rxg7+
Qxg7 37.Rxg7+ Kxg7 38.Qd7+ Kg6 39.e4 dxe4 40.fxe4 Nd2 41.Qg4+ Kh7 42.Qe2 Nf3
43.e5 Rf8 44.e6 Ng5 45.h4 Nf3 46.e7 Rg8 47.Qxf3 {#r} 1-0

[Event "9th Capo d'Orso Open 2017"]
[Site "Porto Mannu Palau ITA"]
[Date "2017.06.06"]
[Round "4.1"]
[White "Bayer,Be"]
[Black "Landa,K"]
[Result "0-1"]
[WhiteElo "2421"]
[BlackElo "2615"]

1.d4 d5 2.Nf3 Nf6 3.g3 c6 4.Bg2 Bf5 5.O-O e6 6.c4 Nbd7 7.b3 Be7 8.Bb2 O-O
9.Nc3 Ne4 10.Nd2 Nxc3 11.Bxc3 Nf6 12.Re1 a5 13.e4 dxe4 14.Nxe4 Qb6 15.d5 Bxe4
16.Bxe4 cxd5 17.cxd5 Rfd8 18.Bxf6 Bxf6 19.Rc1 exd5 20.Bd3 g6 21.Kg2 Kg7 22.h4
h5 23.Qf3 Rd6 24.Rc2 Rad8 25.Qd1 Bd4 26.Re7 Bf6 27.Re1 Rc6 28.Ree2 Qb4 29.f4
Rdc8 30.Rf2 Bd4 31.Rfe2 Bc3 32.Rf2 f5 33.Rfe2 Kh6 34.Re3 Bf6 35.Ree2 Qd4
36.Red2 Qe3 37.Re2 Qb6 38.Red2 Bc3 39.Re2 Qd4 40.Re7 Bb4 41.Rxc6 Rxc6 42.Rxb7
Rc3 43.Qxh5+ gxh5 {#R} 0-1

[Event "9th Capo d'Orso Open 2017"]
[Site "Porto Mannu Palau ITA"]
[Date "2017.06.06"]
[Round "5.4"]
[White "Yugina,M"]
[Black "Studer,N"]
[Result "0-1"]
[WhiteElo "2050"]
[BlackElo "2489"]

1.d4 d5 2.Nf3 e6 3.c4 dxc4 4.Nc3 a6 5.a4 Nc6 6.e3 Na5 7.Ne5 c5 8.Nxc4 Nf6
9.Nxa5 Qxa5 10.Be2 cxd4 11.Qxd4 e5 12.Qd3 e4 13.Qc2 Bd6 14.Bd2 Qe5 15.a5 O-O
16.f4 exf3 17.gxf3 Bh3 18.f4 Qc5 19.Rc1 Rac8 20.Qd3 Rfd8 21.Nd1 Qxc1 22.Bxc1
Rxc1 23.Kf2 Be7 24.Qb3 Ne4+ 25.Kg1 Bh4 {#R} 0-1

[Event "CHN Team Men 2017"]
[Site "Beijing CHN"]
[Date "2017.06.07"]
[Round "2.7"]
[White "Xu,Minghui"]
[Black "Zhang,Ziji"]
[Result "0-1"]
[WhiteElo "2340"]
[BlackElo "2362"]
[EventType "team"]

1.d4 d5 2.Nf3 Nf6 3.Bf4 e6 4.e3 c5 5.c3 Nc6 6.Nbd2 Nh5 7.Be5 Be7 8.Bd3 f6
9.Bg3 Nxg3 10.hxg3 f5 11.g4 O-O 12.Ne5 Nxe5 13.dxe5 g6 14.Qf3 Rf7 15.O-O-O b5
16.gxf5 exf5 17.Bxb5 Rb8 18.c4 Qb6 19.Qxd5 a6 20.Rxh7 Be6 21.Rdh1 Rxh7 {#R}
0-1

[Event "CHN Team Women 2017"]
[Site "Beijing CHN"]
[Date "2017.06.11"]
[Round "6.6"]
[White "Ren,Xiaoyi"]
[Black "Jiang,Zhaoyi"]
[Result "1-0"]
[WhiteElo "2287"]
[BlackElo "2063"]
[EventType "team"]

1.d4 Nf6 2.Bf4 e6 3.e3 d5 4.Nf3 Bd6 5.Bg5 b6 6.c4 Bb7 7.Nc3 O-O 8.cxd5 exd5
9.Bd3 Be7 10.Qc2 h6 11.Bf4 c5 12.O-O Bd6 13.Ne5 Nc6 14.Qa4 cxd4 15.exd4 a6
16.Bg3 b5 17.Nxc6 Bxc6 18.Qc2 Bxg3 19.hxg3 Qb6 20.Rfd1 Bd7 21.Be2 Rfd8 22.Bf3
Be6 23.Qb3 Rac8 24.Na4 Qc6 25.Nc5 Bg4 26.Rac1 Bxf3 27.Qxf3 Re8 28.Qa3 Ra8
29.Re1 Rxe1+ 30.Rxe1 Re8 31.Qc3 Rxe1+ 32.Qxe1 Ne4 33.b4 Kf8 34.f3 Nf6 35.Qe5
Nd7 36.Qf5 Nxc5 37.bxc5 g6 38.Qf4 h5 39.Qg5 Ke8 40.Qe5+ Kd7 41.Qb8 Ke7 42.Kf2
Kd7 43.Qa7+ Ke8 44.a3 Qe6 45.Qb8+ Kd7 46.Qb7+ Kd8 47.f4 f6 48.Qg7 f5 49.Qb7
Qe4 50.Qb6+ Kd7 51.Qd6+ Kc8 52.Qxa6+ Kc7 53.Qb6+ Kc8 54.c6 Qe7 55.Qxb5 h4
56.Qb7+ Qxb7 57.cxb7+ Kxb7 58.gxh4 Kc6 59.a4 Kb6 60.g4 {#r} 1-0

[Event "10th Mayors Cup Open 2017"]
[Site "Mumbai IND"]
[Date "2017.06.08"]
[Round "7.13"]
[White "Mithil,A"]
[Black "Raghunandan,K"]
[Result "1-0"]
[WhiteElo "2203"]
[BlackElo "2410"]

1.d4 d5 2.Nf3 Nf6 3.e3 c5 4.c4 cxd4 5.Nxd4 a6 6.Nc3 e6 7.cxd5 exd5 8.Be2 Bd6
9.Qa4+ Bd7 10.Qd1 O-O 11.O-O Qe7 12.Bf3 Qe5 13.g3 Nc6 14.Nce2 Ne4 15.Bd2 Bh3
16.Re1 Qf6 17.Bc3 Nxd4 18.Nxd4 Be5 19.Qe2 Rac8 20.Rac1 Rfe8 21.Red1 h6 22.Bg2
Bd7 23.Qf3 Qg6 24.Qe2 h5 25.f3 Nf6 26.Qc2 Qh6 27.Qf2 h4 28.Bd2 Qg6 29.g4 Qh6
30.h3 Bg3 31.Qe2 Qg6 32.Rxc8 Rxc8 33.Bc3 Bb8 34.Qd3 Qh6 35.f4 Nxg4 36.hxg4
Bxg4 37.Nf5 Qe6 38.Qd4 Be5 39.Qxe5 {#r} 1-0

[Event "18th ch-EUR Indiv 2017"]
[Site "Minsk BLR"]
[Date "2017.06.10"]
[Round "11.13"]
[White "Pashikian,A"]
[Black "Motylev,A"]
[Result "0-1"]
[WhiteElo "2603"]
[BlackElo "2665"]

1.d4 d5 2.c4 c6 3.Nc3 Nf6 4.e3 e6 5.b3 Bb4 6.Bb2 Ne4 7.Qc2 e5 8.a3 Bxc3+
9.Bxc3 Nxc3 10.Qxc3 dxc4 11.dxe5 cxb3 12.Bc4 b2 13.Rb1 O-O 14.Ne2 Qe7 15.O-O
Nd7 16.f4 Nb6 17.Bb3 Be6 18.Bxe6 Qxe6 19.Qxb2 Nc4 20.Qxb7 Nd2 21.Nd4 Qg6
22.Rfc1 Nxb1 23.Qxb1 Qxb1 24.Rxb1 c5 25.Nf5 Rfb8 26.Rc1 Rb3 27.Rxc5 Rxa3
28.Rc7 a5 29.e6 fxe6 30.Nxg7 a4 31.Nh5 Rd3 32.Nf6+ Kf8 33.Rxh7 Ra5 34.Nd7+ Kg8
35.Nf6+ Kf8 36.Nd7+ Ke8 37.Ne5 Rc3 38.Rh8+ Ke7 39.Rh7+ Kd8 40.Nf7+ Kc7 41.Ng5+
Kb8 {#R} 0-1

[Event "12th American Continental"]
[Site "Medellin COL"]
[Date "2017.06.10"]
[Round "1.37"]
[White "Vazquez,Guillermo"]
[Black "Alvarado Arcila,Marvia Josefina"]
[Result "1-0"]
[WhiteElo "2443"]
[BlackElo "2004"]

1.d4 d5 2.c4 c6 3.Nc3 Nf6 4.cxd5 cxd5 5.Bf4 e6 6.e3 Nc6 7.Bd3 Bd6 8.Bxd6 Qxd6
9.f4 Bd7 10.Nf3 Rc8 11.Rc1 Qb4 12.O-O Na5 13.Rf2 O-O 14.Ne5 Bc6 15.b3 g6
16.Rfc2 Nd7 17.Na4 Nxe5 18.fxe5 Qe7 19.Qe1 Nc4 20.Bxc4 dxc4 21.Rxc4 f6 22.Qh4
Qg7 23.Nc5 Bd5 24.exf6 Rxf6 25.Nd7 Rxc4 26.bxc4 {#r} 1-0

[Event "44th OKU 2017"]
[Site "Utrecht NED"]
[Date "2017.06.09"]
[Round "1.3"]
[White "Horvath,Cs1"]
[Black "De Boer,Bas"]
[Result "1-0"]
[WhiteElo "2503"]
[BlackElo "2081"]

1.d4 d5 2.c4 c6 3.e3 Nf6 4.Bd3 Bg4 5.f3 Bh5 6.Nc3 e6 7.Nge2 dxc4 8.Bxc4 c5
9.h4 Be7 10.dxc5 Nfd7 11.Nf4 Bxh4+ 12.Ke2 Bg6 13.Nxg6 fxg6 14.Qd6 Qe7 15.Nb5
Na6 16.c6 Ndc5 17.cxb7 Rd8 18.Qxe7+ Bxe7 19.Nxa7 Rb8 20.Nc6 Rxb7 21.Nxe7 Kxe7
22.b3 Nb4 23.Bb2 Kf7 24.Bd4 Nd7 25.Rhc1 Nb6 26.Bb5 Nc8 27.Ba4 Nd6 28.Be5 Nf5
29.a3 {#r} 1-0

[Event "CHN Team Men 2017"]
[Site "Beijing CHN"]
[Date "2017.06.07"]
[Round "2.4"]
[White "Zhao,Yuanhe"]
[Black "Zhou,Jiangnan"]
[Result "1-0"]
[WhiteElo "2401"]
[BlackElo "2115"]
[EventType "team"]

1.d4 d5 2.c4 c6 3.cxd5 cxd5 4.Bf4 Nf6 5.e3 e6 6.Nc3 Bd6 7.Bxd6 Qxd6 8.f4 a6
9.Bd3 b5 10.Nf3 Bb7 11.O-O O-O 12.Qe2 Nbd7 13.Rfc1 Rac8 14.Ne5 Ne4 15.a4 bxa4
16.Rxa4 Nb6 17.Ra2 f6 18.Nf3 Qb4 19.Bxa6 Bxa6 20.Rxa6 Rc7 21.Ne1 Rfc8 22.Nd3
Nxc3 23.Rxc3 Qb5 24.Nc1 Nc4 25.Ra2 Qb6 26.Nd3 e5 27.Nc5 Re7 28.Qf3 Qd8 29.b3
Na5 30.fxe5 fxe5 31.Rf2 h6 32.Rf1 exd4 33.exd4 Nc6 34.Qg4 Ra8 35.Rcf3 Qd6
36.Rf6 Qc7 37.Ne6 Qd7 38.Rf8+ Rxf8 39.Rxf8+ Kh7 40.Qf5+ g6 41.Qf6 {#r} 1-0

[Event "CHN Team Women 2017"]
[Site "Beijing CHN"]
[Date "2017.06.07"]
[Round "2.4"]
[White "Jiang,Zhaoyi"]
[Black "Ni,Shiqun"]
[Result "0-1"]
[WhiteElo "2063"]
[BlackElo "2436"]
[EventType "team"]

1.d4 Nf6 2.c4 c6 3.Nc3 d5 4.cxd5 cxd5 5.Bf4 Nc6 6.e3 a6 7.Bd3 Bg4 8.Nge2 e6
9.O-O Be7 10.Rc1 O-O 11.Na4 Nd7 12.f3 Bh5 13.Qb3 Ra7 14.a3 Bg6 15.Bxg6 hxg6
16.Qc3 Ra8 17.b4 Rc8 18.Qb2 Nb6 19.Nxb6 Qxb6 20.Rc2 Na7 21.Rfc1 Rc6 22.Nc3
Rfc8 23.Na4 Rxc2 24.Rxc2 Rxc2 25.Qxc2 Qd8 26.Nc5 Qc8 27.Qd3 Qc6 28.Qb3 Qb5
29.h3 Bxc5 30.dxc5 Nc6 31.Qc3 f6 32.Bc7 Qe2 33.Kh2 e5 34.Qb3 Qc4 35.Qb1 Kf7
36.Qd1 g5 37.f4 Qe4 38.fxg5 fxg5 39.Qh5+ Qg6 40.Qf3+ Ke6 41.Qf8 Kd7 42.Bd6 g4
43.hxg4 Qh6+ 44.Kg1 Qxe3+ 45.Kh1 Qe1+ 46.Kh2 Qh4+ 47.Kg1 Qf6 48.Qa8 Nd8 49.Qb8
e4 50.Qc7+ Ke8 51.g5 Qxg5 52.Qc8 Qc1+ 53.Kh2 Qh6+ 54.Kg1 Qe6 55.Qc7 e3 56.Qxg7
e2 57.Qh8+ Kd7 58.Qh7+ Nf7 {#R} 0-1

[Event "18th ch-EUR Indiv 2017"]
[Site "Minsk BLR"]
[Date "2017.06.06"]
[Round "7.47"]
[White "Mchedlishvili,M"]
[Black "Girya,O"]
[Result "1-0"]
[WhiteElo "2605"]
[BlackElo "2476"]

1.c4 c6 2.Nf3 d5 3.d4 Nf6 4.g3 Bf5 5.Nc3 h6 6.Qb3 Qb6 7.cxd5 cxd5 8.Nxd5 Nxd5
9.Qxd5 e6 10.Qb3 Bb4+ 11.Bd2 Nc6 12.Bxb4 Qxb4+ 13.Qxb4 Nxb4 14.Kd2 Rc8 15.Ne1
Ke7 16.Bg2 Nc2 17.Rc1 Nxd4 18.Rxc8 Rxc8 19.Bxb7 Rd8 20.e4 Rd7 21.Ba8 Rd8
22.Bb7 Rd7 23.Ba8 Rd8 24.Ke3 Bh3 25.Bb7 f5 26.f3 Rd7 27.Ba6 g5 28.Bd3 e5
29.exf5 Nxf5+ 30.Kf2 h5 31.Rg1 Kf6 32.Ke2 Nd4+ 33.Ke3 Be6 34.b3 Rc7 35.f4 g4
36.Rf1 Nf5+ 37.Bxf5 Bxf5 38.fxe5+ Kxe5 39.Nd3+ Bxd3 40.Kxd3 Rd7+ 41.Kc3 Ke4
42.Rf4+ Ke3 43.Rf5 Rd3+ 44.Kc4 Rd2 45.Rxh5 Rxa2 46.b4 a6 47.Kb3 Ra1 48.Rf5
Rb1+ 49.Ka3 Rh1 50.Kb3 Rb1+ 51.Kc4 Rc1+ 52.Kd5 Rc2 53.Rf4 Rxh2 54.Rxg4 Kf3
55.Rg5 Rb2 56.Kc4 Rc2+ 57.Kb3 Rc6 58.Ka4 Rc1 59.Kb3 Rb1+ 60.Kc3 Rc1+ 61.Kb2
Rc6 62.Rg8 Rc4 63.Kb3 Rc6 64.Rg7 Rd6 65.Rg5 Rc6 66.Rc5 Rd6 67.Rc3+ Kg4 68.Ka4
Rb6 69.Rc4+ Kxg3 70.Ka5 Rd6 71.Rc7 Kf4 72.Ra7 Ke5 73.Rxa6 Rd1 74.Rc6 Kd5 75.b5
Ra1+ 76.Kb6 Rb1 77.Ka6 Rh1 78.Rg6 Kc5 79.b6 Rb1 80.Ka7 Ra1+ 81.Kb8 Ra6 82.Kc7
Kd5 83.Rg5+ {#r} 1-0

[Event "10th Mayors Cup Open 2017"]
[Site "Mumbai IND"]
[Date "2017.06.11"]
[Round "10.22"]
[White "Pranavananda,V"]
[Black "Bhakti,K"]
[Result "0-1"]
[WhiteElo "2166"]
[BlackElo "2292"]

1.d4 d5 2.c4 c6 3.Nf3 Nf6 4.e3 g6 5.Nc3 Bg7 6.Be2 O-O 7.O-O a6 8.a4 a5 9.Bd2
Na6 10.cxd5 cxd5 11.Qb3 Nb4 12.Rfc1 Nc6 13.h3 Rb8 14.Ne5 Nxe5 15.dxe5 Ne4
16.Nxe4 dxe4 17.Bc3 b6 18.Bc4 e6 19.Rd1 Qc7 20.Rd6 Rd8 21.Rad1 Bd7 22.Bb5 Bxb5
23.Qxb5 Bf8 24.Rd7 Rxd7 25.Rxd7 Qc5 26.Qxc5 Bxc5 27.Kf1 b5 28.Rc7 Bb6 29.Rc6
bxa4 30.Rc4 a3 31.bxa3 Kf8 32.a4 Rd8 33.Ke2 Rd3 34.Bd2 Ra3 35.Rxe4 Ke7 36.Rc4
Kd7 37.g4 g5 38.f3 Ra1 39.Kd3 Rh1 40.Rc1 Rxh3 41.Rb1 Kc6 42.Ke4 Rh2 43.Kd3 Rf2
44.Rh1 Rxf3 45.Rh5 h6 46.Rxh6 Rg3 47.Rf6 Rxg4 48.Rxf7 Rxa4 49.e4 Rd4+ 50.Kc2
Rxe4 51.Bc3 g4 52.Kd3 Re3+ 53.Kc4 g3 54.Rg7 a4 55.Rg6 Kd7 56.Rg7+ Ke8 57.Bd2
Re2 58.Kd3 Rg2 59.Bb4 Rg1 60.Re7+ Kd8 61.Rxe6 g2 62.Rxb6 Rd1+ 63.Kc4 g1=Q
64.Rb8+ Kc7 65.Bd6+ Rxd6 {#R} 0-1

[Event "CHN Team Men 2017"]
[Site "Beijing CHN"]
[Date "2017.06.06"]
[Round "1.3"]
[White "Bai,Jinshi"]
[Black "Xu,Minghui"]
[Result "1-0"]
[WhiteElo "2573"]
[BlackElo "2340"]
[EventType "team"]

1.d4 d5 2.Nf3 Nf6 3.c4 c6 4.e3 e6 5.b3 Nbd7 6.Bd3 Bb4+ 7.Nbd2 Bc3 8.Rb1 e5
9.Qc2 Bxd2+ 10.Nxd2 exd4 11.exd4 Qe7+ 12.Be2 O-O 13.Nf3 Re8 14.Rb2 c5 15.O-O
cxd4 16.Nxd4 Ne5 17.Bg5 dxc4 18.bxc4 b6 19.Rb3 h6 20.Bh4 Ng6 21.Re3 Qd7
22.Bxf6 gxf6 23.Bg4 Qxg4 24.Rxe8+ Kh7 25.Qe4 Qxe4 26.Rxe4 Ne5 27.f4 Bb7 28.Re2
Nxc4 29.Re7 Bd5 30.Rd7 Ne3 31.Rc1 Kg6 32.Rc3 Re8 33.f5+ Kg5 34.Rxe3 Rxe3
35.Rxd5 Ra3 36.Nf3+ Kf4 37.Rd2 Kxf5 38.Kf2 Ke4 39.Rd4+ Kf5 40.Rd2 h5 41.Nd4+
Ke4 42.Nb5 Ra5 43.Nd6+ Kf4 44.Nxf7 b5 45.Nd6 b4 46.g3+ Kg5 47.Nc4 Rc5 48.Ne3
h4 49.gxh4+ Kh5 50.Rd5+ {#r} 1-0